000 00214 a2200097 4500
001 42332
100 _aShah M
245 _aNational Anthems of the World
260 _a
_bBlandford Press
_c
090 _c26273
_d26273
942 _aNUST-CAE
_cM
_c18084
999 _c277405
_d277405